[Event "DEM U14 2020"]
[Site "Willingen GER"]
[Date "2020.10.20"]
[Round "1"]
[White "Kageler, Anton Paul"]
[Black "Spriestersbach, Kai"]
[Result "1-0"]
[Termination "normal"]
[Board "18"]
[WhiteElo "1664"]
[BlackElo "1863"]
[WhiteClock "00:10:21"]
[BlackClock "00:28:13"]
[PlyCount "139"]
[WhiteFideId "16244850"]
[BlackFideId "16269985"]
[EventCountry "GER"]
[EventRounds "7"]
[EventType "swiss"]
[EventDate "2020.10.19"]

1. e4 {[%clk 1:30:54]} c5 {[%clk 1:30:54]} 2. Nf3 {[%clk 1:31:09]} a6 {[%clk
1:31:18]} 3. d4 {[%clk 1:31:26]} cxd4 {[%clk 1:31:41]} 4. Nxd4 {[%clk 1:31:41]}
Nf6 {[%clk 1:32:03]} 5. Nc3 {[%clk 1:31:56]} e5 {[%clk 1:32:26]} 6. Nb3 {[%clk
1:27:17]} Bb4 {[%clk 1:32:20]} 7. Bg5 {[%clk 1:20:14]} h6 {[%clk 1:29:23]} 8.
Bh4 {[%clk 1:13:36]} d6 {[%clk 1:19:33]} 9. Qd3 {[%clk 1:08:22]} Nbd7 {[%clk
1:00:49]} 10. O-O-O {[%clk 0:59:18]} Bxc3 {[%clk 1:00:12]} 11. bxc3 {[%clk
0:52:25]} Qc7 {[%clk 0:58:32]} 12. f3 {[%clk 0:48:59]} O-O {[%clk 0:48:03]} 13.
Qxd6 {[%clk 0:41:13]} Qxc3 {[%clk 0:40:46]} 14. Rd3 {[%clk 0:39:39]} Qc6 {[%clk
0:39:50]} 15. Qxc6 {[%clk 0:39:33]} bxc6 {[%clk 0:40:14]} 16. Rc3 {[%clk
0:29:54]} Bb7 {[%clk 0:37:10]} 17. Na5 {[%clk 0:29:00]} Rfb8 {[%clk 0:36:33]}
18. Nxc6 {[%clk 0:23:37]} Bxc6 {[%clk 0:36:54]} 19. Rxc6 {[%clk 0:23:56]} Rb4
{[%clk 0:30:57]} 20. Bc4 {[%clk 0:21:17]} a5 {[%clk 0:30:06]} 21. c3 {[%clk
0:18:58]} Rb6 {[%clk 0:28:38]} 22. Rxb6 {[%clk 0:17:30]} Nxb6 {[%clk 0:29:03]}
23. Bb5 {[%clk 0:17:32]} Rc8 {[%clk 0:28:28]} 24. Kc2 {[%clk 0:16:13]} Nc4
{[%clk 0:25:34]} 25. Bxc4 {[%clk 0:11:58]} Rxc4 {[%clk 0:25:57]} 26. Rd1 {[%clk
0:12:06]} Nh5 {[%clk 0:25:18]} 27. Bg3 {[%clk 0:08:36]} Nxg3 {[%clk 0:24:51]}
28. hxg3 {[%clk 0:09:04]} f5 {[%clk 0:23:18]} 29. exf5 {[%clk 0:08:32]} Kf7
{[%clk 0:23:01]} 30. Rd5 {[%clk 0:07:59]} Kf6 {[%clk 0:23:13]} 31. Rxa5 {[%clk
0:07:20]} Kxf5 {[%clk 0:23:37]} 32. Kd3 {[%clk 0:07:25]} Rc7 {[%clk 0:23:53]}
33. c4 {[%clk 0:04:03]} g5 {[%clk 0:23:47]} 34. c5 {[%clk 0:03:35]} Rd7+ {[%clk
0:21:24]} 35. Ke3 {[%clk 0:03:27]} Rd4 {[%clk 0:19:56]} 36. Ra6 {[%clk
0:01:53]} h5 {[%clk 0:20:20]} 37. Rd6 {[%clk 0:01:27]} Rc4 {[%clk 0:20:14]} 38.
c6 {[%clk 0:01:23]} Rc3+ {[%clk 0:16:41]} 39. Kd2 {[%clk 0:01:18]} Rc5 {[%clk
0:16:58]} 40. Kd3 {[%clk 0:00:55]} h4 {[%clk 0:17:06]} 41. gxh4 {[%clk
0:00:49]} gxh4 {[%clk 0:17:29]} 42. a4 {[%clk 0:27:15]} Kf4 {[%clk 0:45:16]}
43. Rg6 {[%clk 0:26:20]} Kf5 {[%clk 0:43:41]} 44. Rg4 {[%clk 0:26:04]} Rxc6
{[%clk 0:38:04]} 45. Rxh4 {[%clk 0:26:20]} Rc1 {[%clk 0:38:00]} 46. Re4 {[%clk
0:25:12]} Ra1 {[%clk 0:36:01]} 47. g4+ {[%clk 0:24:22]} Kf6 {[%clk 0:36:23]}
48. Ke3 {[%clk 0:23:46]} Ra3+ {[%clk 0:35:47]} 49. Kf2 {[%clk 0:24:02]} Ra2+
{[%clk 0:36:01]} 50. Kg3 {[%clk 0:24:07]} Ra3 {[%clk 0:36:24]} 51. g5+ {[%clk
0:22:01]} Kf5 {[%clk 0:36:16]} 52. Kg2 {[%clk 0:17:21]} Ra2+ {[%clk 0:36:16]}
53. Kg3 {[%clk 0:15:10]} Rb2 {[%clk 0:34:35]} 54. g6 {[%clk 0:14:23]} Kxg6
{[%clk 0:34:58]} 55. Rxe5 {[%clk 0:14:44]} Kf6 {[%clk 0:33:33]} 56. Rb5 {[%clk
0:14:22]} Rc2 {[%clk 0:33:19]} 57. a5 {[%clk 0:14:26]} Rc4 {[%clk 0:33:07]} 58.
f4 {[%clk 0:14:45]} Rc1 {[%clk 0:32:11]} 59. Kf3 {[%clk 0:10:46]} Ra1 {[%clk
0:32:28]} 60. f5 {[%clk 0:09:22]} Re1 {[%clk 0:29:20]} 61. Kf4 {[%clk 0:09:15]}
Rf1+ {[%clk 0:28:53]} 62. Ke4 {[%clk 0:09:30]} Re1+ {[%clk 0:29:04]} 63. Kd3
{[%clk 0:09:39]} Rc1 {[%clk 0:28:59]} 64. Kd4 {[%clk 0:09:48]} Rc2 {[%clk
0:29:11]} 65. Rc5 {[%clk 0:10:08]} Rb2 {[%clk 0:28:37]} 66. Kc4 {[%clk
0:10:10]} Rb1 {[%clk 0:28:46]} 67. Rb5 {[%clk 0:10:27]} Rc1+ {[%clk 0:29:05]}
68. Kb4 {[%clk 0:10:38]} Rb1+ {[%clk 0:29:22]} 69. Kc5 {[%clk 0:10:21]} Rc1+
{[%clk 0:28:13]} 70. Kb6 1-0

[Event "DEM U14 2020"]
[Site "Willingen GER"]
[Date "2020.10.20"]
[Round "1"]
[White "Schubert, Nikita"]
[Black "Bilous, Danylo"]
[Result "1-0"]
[Termination "normal"]
[Board "19"]
[WhiteElo "1946"]
[BlackElo "1723"]
[WhiteClock "00:09:44"]
[BlackClock "00:42:38"]
[PlyCount "111"]
[WhiteFideId "16212339"]
[BlackFideId "34130004"]
[EventCountry "GER"]
[EventRounds "7"]
[EventType "swiss"]
[EventDate "2020.10.19"]

1. d4 {[%clk 1:30:57]} Nf6 {[%clk 1:30:55]} 2. c4 {[%clk 1:31:08]} g6 {[%clk
1:31:20]} 3. Nf3 {[%clk 1:31:15]} Bg7 {[%clk 1:31:29]} 4. g3 {[%clk 1:31:22]}
O-O {[%clk 1:30:36]} 5. Bg2 {[%clk 1:31:22]} d5 {[%clk 1:30:49]} 6. O-O {[%clk
1:30:23]} dxc4 {[%clk 1:29:52]} 7. Na3 {[%clk 1:26:14]} Nc6 {[%clk 1:29:58]} 8.
Nxc4 {[%clk 1:22:30]} Be6 {[%clk 1:30:19]} 9. b3 {[%clk 1:15:48]} Bd5 {[%clk
1:30:34]} 10. Bb2 {[%clk 1:14:12]} a5 {[%clk 1:30:44]} 11. Nfe5 {[%clk
0:59:16]} Bxg2 {[%clk 1:30:24]} 12. Kxg2 {[%clk 0:59:40]} Qd5+ {[%clk 1:30:23]}
13. f3 {[%clk 0:50:24]} Rfd8 {[%clk 1:22:12]} 14. e4 {[%clk 0:33:59]} Qb5
{[%clk 1:22:20]} 15. Nxc6 {[%clk 0:30:32]} Qxc6 {[%clk 1:19:01]} 16. Rc1 {[%clk
0:27:31]} Qa6 {[%clk 0:57:11]} 17. Qc2 {[%clk 0:24:40]} c6 {[%clk 0:42:08]} 18.
Rfd1 {[%clk 0:20:55]} Bh6 {[%clk 0:40:53]} 19. Rb1 {[%clk 0:19:23]} Qb5 {[%clk
0:28:58]} 20. Ba3 {[%clk 0:15:30]} Kf8 {[%clk 0:27:37]} 21. Bc5 {[%clk
0:11:26]} Nd7 {[%clk 0:26:55]} 22. a4 {[%clk 0:11:11]} Qa6 {[%clk 0:27:14]} 23.
Ba3 {[%clk 0:10:48]} b5 {[%clk 0:25:30]} 24. Ne5 {[%clk 0:08:34]} Nxe5 {[%clk
0:25:05]} 25. dxe5 {[%clk 0:07:39]} b4 {[%clk 0:23:38]} 26. Bc1 {[%clk
0:05:57]} Bxc1 {[%clk 0:19:51]} 27. Rbxc1 {[%clk 0:06:10]} c5 {[%clk 0:18:55]}
28. Kf2 {[%clk 0:03:00]} Qe6 {[%clk 0:17:58]} 29. f4 {[%clk 0:01:56]} Rd4
{[%clk 0:16:31]} 30. Rxd4 {[%clk 0:01:27]} cxd4 {[%clk 0:16:58]} 31. Qd3 {[%clk
0:01:01]} g5 {[%clk 0:16:11]} 32. Rc4 {[%clk 0:00:56]} Qh3 {[%clk 0:16:38]} 33.
Kg1 {[%clk 0:00:47]} gxf4 {[%clk 0:17:06]} 34. Rxd4 {[%clk 0:00:59]} Rc8 {[%clk
0:13:30]} 35. Rd8+ {[%clk 0:00:49]} Kg7 {[%clk 0:13:58]} 36. Rxc8 {[%clk
0:00:57]} Qxc8 {[%clk 0:14:27]} 37. gxf4 {[%clk 0:00:42]} Qc1+ {[%clk 0:14:31]}
38. Kg2 {[%clk 0:00:41]} Qc3 {[%clk 0:14:43]} 39. Qg3+ {[%clk 0:00:55]} Kf8
{[%clk 0:15:13]} 40. Kh3 {[%clk 0:00:35]} Ke8 {[%clk 0:14:35]} 41. Kh4 {[%clk
0:23:28]} Kd7 {[%clk 0:42:40]} 42. Qg4+ {[%clk 0:18:29]} Kc7 {[%clk 0:40:48]}
43. Qg5 {[%clk 0:13:01]} Qxb3 {[%clk 0:39:55]} 44. Qxe7+ {[%clk 0:13:23]} Kb6
{[%clk 0:40:04]} 45. Qd8+ {[%clk 0:11:58]} Ka6 {[%clk 0:39:56]} 46. Qa8+ {[%clk
0:12:01]} Kb6 {[%clk 0:40:18]} 47. Qb8+ {[%clk 0:12:21]} Kc5 {[%clk 0:40:27]}
48. Qa7+ {[%clk 0:09:25]} Kc4 {[%clk 0:40:08]} 49. Qxf7+ {[%clk 0:08:38]} Kc3
{[%clk 0:40:25]} 50. Qxb3+ {[%clk 0:08:31]} Kxb3 {[%clk 0:40:47]} 51. e6 {[%clk
0:08:52]} Ka2 {[%clk 0:41:07]} 52. e7 {[%clk 0:09:11]} b3 {[%clk 0:41:34]} 53.
e8=Q {[%clk 0:09:29]} b2 {[%clk 0:41:53]} 54. Qb5 {[%clk 0:09:39]} h5 {[%clk
0:42:13]} 55. e5 {[%clk 0:09:31]} Ka3 {[%clk 0:42:38]} 56. Qxb2+ {[%clk
0:09:44]} 1-0

[Event "DEM U14 2020"]
[Site "Willingen GER"]
[Date "2020.10.20"]
[Round "1"]
[White "Lerchl, Clemens"]
[Black "Huo, Da"]
[Result "1-0"]
[Termination "normal"]
[Board "20"]
[WhiteElo "1699"]
[BlackElo "1868"]
[WhiteClock "00:03:39"]
[BlackClock "00:01:48"]
[PlyCount "69"]
[WhiteFideId "16226372"]
[BlackFideId "16221206"]
[EventCountry "GER"]
[EventRounds "7"]
[EventType "swiss"]
[EventDate "2020.10.19"]

1. e4 {[%clk 1:30:57]} c5 {[%clk 1:30:56]} 2. Nf3 {[%clk 1:31:23]} d6 {[%clk
1:31:22]} 3. d4 {[%clk 1:31:49]} cxd4 {[%clk 1:31:48]} 4. Nxd4 {[%clk 1:32:14]}
Nf6 {[%clk 1:32:12]} 5. Nc3 {[%clk 1:32:41]} Nc6 {[%clk 1:32:36]} 6. Be2 {[%clk
1:24:11]} e5 {[%clk 1:32:46]} 7. Nb3 {[%clk 1:22:39]} Be6 {[%clk 1:31:50]} 8.
O-O {[%clk 1:21:12]} Be7 {[%clk 1:31:22]} 9. Be3 {[%clk 1:17:52]} O-O {[%clk
1:31:27]} 10. f4 {[%clk 1:13:49]} a5 {[%clk 1:24:20]} 11. Nd2 {[%clk 0:50:58]}
exf4 {[%clk 1:15:09]} 12. Bxf4 {[%clk 0:50:55]} Ne5 {[%clk 0:55:10]} 13. Kh1
{[%clk 0:47:32]} Rc8 {[%clk 0:43:47]} 14. Nf3 {[%clk 0:45:59]} Ng6 {[%clk
0:35:45]} 15. Be3 {[%clk 0:39:42]} Ne5 {[%clk 0:21:13]} 16. Bf4 {[%clk
0:38:18]} Nc4 {[%clk 0:12:41]} 17. Nd5 {[%clk 0:19:20]} Nxd5 {[%clk 0:06:59]}
18. exd5 {[%clk 0:19:12]} Bg4 {[%clk 0:06:20]} 19. b3 {[%clk 0:11:59]} Nb6
{[%clk 0:04:48]} 20. c4 {[%clk 0:11:27]} Bf6 {[%clk 0:04:42]} 21. Rc1 {[%clk
0:11:02]} Re8 {[%clk 0:03:43]} 22. Bd3 {[%clk 0:09:58]} h6 {[%clk 0:03:37]} 23.
h3 {[%clk 0:09:18]} Bh5 {[%clk 0:02:37]} 24. g4 {[%clk 0:08:24]} Bg6 {[%clk
0:02:56]} 25. Bxg6 {[%clk 0:08:38]} fxg6 {[%clk 0:03:22]} 26. Qd3 {[%clk
0:08:06]} g5 {[%clk 0:03:12]} 27. Bg3 {[%clk 0:07:57]} Na8 {[%clk 0:02:40]} 28.
Nd4 {[%clk 0:05:32]} Nc7 {[%clk 0:02:12]} 29. Nf5 {[%clk 0:02:46]} Be5 {[%clk
0:02:17]} 30. Bxe5 {[%clk 0:02:36]} Rxe5 {[%clk 0:01:27]} 31. Nxh6+ {[%clk
0:02:23]} gxh6 {[%clk 0:00:36]} 32. Qg6+ {[%clk 0:02:46]} Kh8 {[%clk 0:01:04]}
33. Qxh6+ {[%clk 0:03:13]} Kg8 {[%clk 0:01:29]} 34. Qg6+ {[%clk 0:03:35]} Kh8
{[%clk 0:01:48]} 35. Rf7 {[%clk 0:03:39]} 1-0

[Event "DEM U14 2020"]
[Site "Willingen GER"]
[Date "2020.10.20"]
[Round "1"]
[White "Englert, Luca"]
[Black "Tham, Nam"]
[Result "0-1"]
[Termination "normal"]
[Board "22"]
[WhiteElo "1530"]
[BlackElo "1890"]
[WhiteClock "00:53:29"]
[BlackClock "00:18:17"]
[PlyCount "76"]
[WhiteFideId "16293088"]
[BlackFideId "12997331"]
[EventCountry "GER"]
[EventRounds "7"]
[EventType "swiss"]
[EventDate "2020.10.19"]

1. e4 {[%clk 1:30:58]} e5 {[%clk 1:30:51]} 2. Nc3 {[%clk 1:31:25]} Nf6 {[%clk
1:31:09]} 3. f4 {[%clk 1:31:49]} d5 {[%clk 1:31:16]} 4. fxe5 {[%clk 1:32:14]}
Nxe4 {[%clk 1:31:38]} 5. Nf3 {[%clk 1:32:38]} Bc5 {[%clk 1:31:14]} 6. d4 {[%clk
1:33:03]} Bb4 {[%clk 1:31:40]} 7. Bd2 {[%clk 1:33:27]} c5 {[%clk 1:31:44]} 8.
a3 {[%clk 1:32:48]} Bxc3 {[%clk 1:26:09]} 9. bxc3 {[%clk 1:33:09]} Bg4 {[%clk
1:22:43]} 10. Be2 {[%clk 1:31:47]} Bxf3 {[%clk 1:20:49]} 11. Bxf3 {[%clk
1:32:07]} cxd4 {[%clk 1:19:04]} 12. cxd4 {[%clk 1:32:09]} Nc6 {[%clk 1:17:53]}
13. c3 {[%clk 1:31:09]} O-O {[%clk 1:16:38]} 14. O-O {[%clk 1:31:04]} f6 {[%clk
1:13:38]} 15. Bxe4 {[%clk 1:30:13]} dxe4 {[%clk 1:13:55]} 16. Qb3+ {[%clk
1:30:37]} Kh8 {[%clk 1:13:26]} 17. exf6 {[%clk 1:29:06]} Rxf6 {[%clk 1:11:37]}
18. Rfe1 {[%clk 1:28:46]} Na5 {[%clk 1:07:42]} 19. Qb4 {[%clk 1:27:35]} Qd5
{[%clk 1:05:42]} 20. Rf1 {[%clk 1:19:54]} Nb3 {[%clk 0:52:54]} 21. Rxf6 {[%clk
1:18:18]} gxf6 {[%clk 0:53:15]} 22. Bh6 {[%clk 1:14:33]} Qh5 {[%clk 0:44:59]}
23. Qxb7 {[%clk 1:13:20]} Rg8 {[%clk 0:44:23]} 24. Qxb3 {[%clk 1:13:05]} Qxh6
{[%clk 0:44:45]} 25. Qc2 {[%clk 1:08:53]} f5 {[%clk 0:40:57]} 26. Re1 {[%clk
1:08:23]} Qg5 {[%clk 0:38:16]} 27. g3 {[%clk 1:06:54]} h5 {[%clk 0:36:37]} 28.
Kf1 {[%clk 1:03:10]} h4 {[%clk 0:33:13]} 29. Qg2 {[%clk 1:02:52]} Qg4 {[%clk
0:31:31]} 30. d5 {[%clk 1:01:20]} Rd8 {[%clk 0:27:27]} 31. c4 {[%clk 1:00:57]}
e3 {[%clk 0:26:11]} 32. Qe2 {[%clk 0:59:12]} Qh3+ {[%clk 0:22:24]} 33. Kg1
{[%clk 0:55:55]} hxg3 {[%clk 0:21:58]} 34. hxg3 {[%clk 0:55:59]} Qxg3+ {[%clk
0:18:41]} 35. Kh1 {[%clk 0:56:24]} Rd7 {[%clk 0:18:01]} 36. Qb2+ {[%clk
0:55:54]} Rg7 {[%clk 0:17:38]} 37. Rb1 {[%clk 0:54:28]} Qf3+ {[%clk 0:17:55]}
38. Kh2 {[%clk 0:53:29]} Qh5# {[%clk 0:18:17]} 0-1

[Event "DEM U14 2020"]
[Site "Willingen GER"]
[Date "2020.10.21"]
[Round "3"]
[White "Bakiev, Diyor"]
[Black "Bui, Bao Anh Le"]
[Result "1/2-1/2"]
[Termination "normal"]
[Board "1"]
[WhiteElo "2070"]
[BlackElo "2149"]
[WhiteClock "00:13:37"]
[BlackClock "00:23:10"]
[PlyCount "45"]
[WhiteFideId "16241584"]
[BlackFideId "12970719"]
[EventCountry "GER"]
[EventRounds "7"]
[EventType "swiss"]
[EventDate "2020.10.19"]

1. d4 d5 {[%clk 1:30:35]} 2. c4 {[%clk 1:31:21]} e6 {[%clk 1:30:29]} 3. Nc3
{[%clk 1:31:46]} Nf6 {[%clk 1:28:49]} 4. Nf3 {[%clk 1:31:45]} c6 {[%clk
1:28:20]} 5. Bg5 {[%clk 1:31:33]} Nbd7 {[%clk 1:22:06]} 6. e3 {[%clk 1:30:25]}
Be7 {[%clk 1:20:58]} 7. Be2 {[%clk 1:27:49]} h6 {[%clk 1:20:49]} 8. Bh4 {[%clk
1:27:54]} b6 {[%clk 1:13:54]} 9. O-O {[%clk 1:26:00]} Bb7 {[%clk 1:13:41]} 10.
Rc1 {[%clk 1:18:45]} O-O {[%clk 1:08:16]} 11. Qc2 {[%clk 1:09:25]} Rc8 {[%clk
0:56:10]} 12. Qb1 {[%clk 1:05:25]} c5 {[%clk 0:43:03]} 13. cxd5 {[%clk
0:58:08]} Nxd5 {[%clk 0:41:36]} 14. Bg3 {[%clk 0:53:35]} cxd4 {[%clk 0:36:22]}
15. Nxd5 {[%clk 0:52:57]} Bxd5 {[%clk 0:36:35]} 16. Nxd4 {[%clk 0:52:38]} Nc5
{[%clk 0:32:52]} 17. Bf3 {[%clk 0:46:02]} Bxf3 {[%clk 0:29:02]} 18. Nxf3 {[%clk
0:46:24]} Qd3 {[%clk 0:28:55]} 19. Rfd1 {[%clk 0:39:28]} Qxb1 {[%clk 0:28:42]}
20. Rxb1 {[%clk 0:39:50]} Rfd8 {[%clk 0:27:26]} 21. Be5 {[%clk 0:23:00]} Ne4
{[%clk 0:23:10]} 22. Rxd8+ {[%clk 0:21:52]} Rxd8 {[%clk 0:23:10]} 23. g4 {[%clk
0:13:37]} 1/2-1/2

[Event "DEM U14 2020"]
[Site "Willingen GER"]
[Date "2020.10.21"]
[Round "3"]
[White "Pikalow, Michael"]
[Black "Laux, Dominik"]
[Result "1/2-1/2"]
[Termination "normal"]
[Board "2"]
[WhiteElo "2021"]
[BlackElo "2009"]
[WhiteClock "00:23:34"]
[BlackClock "00:34:20"]
[PlyCount "92"]
[WhiteFideId "16227638"]
[BlackFideId "12994219"]
[EventCountry "GER"]
[EventRounds "7"]
[EventType "swiss"]
[EventDate "2020.10.19"]

1. e4 {[%clk 1:30:58]} c6 {[%clk 1:30:34]} 2. d4 {[%clk 1:31:22]} d5 {[%clk
1:30:56]} 3. e5 {[%clk 1:31:46]} Bf5 {[%clk 1:31:16]} 4. Nf3 {[%clk 1:32:13]}
e6 {[%clk 1:31:15]} 5. Be2 {[%clk 1:32:37]} Nd7 {[%clk 1:30:20]} 6. O-O {[%clk
1:32:47]} Ne7 {[%clk 1:29:56]} 7. Be3 {[%clk 1:32:17]} h6 {[%clk 1:29:23]} 8.
Nbd2 {[%clk 1:32:12]} g5 {[%clk 1:29:39]} 9. Nb3 {[%clk 1:32:32]} Bg7 {[%clk
1:29:11]} 10. a4 {[%clk 1:32:28]} a5 {[%clk 1:28:36]} 11. Ne1 {[%clk 1:26:18]}
Bg6 {[%clk 1:24:01]} 12. Nd3 {[%clk 1:16:30]} Nf5 {[%clk 1:20:16]} 13. Nbc5
{[%clk 1:11:53]} Nxc5 {[%clk 1:15:03]} 14. Nxc5 {[%clk 1:11:07]} b6 {[%clk
1:15:05]} 15. Nd3 {[%clk 1:10:56]} O-O {[%clk 1:13:58]} 16. Qd2 {[%clk
1:06:10]} c5 {[%clk 1:06:25]} 17. c3 {[%clk 1:01:18]} c4 {[%clk 1:03:33]} 18.
Nc1 {[%clk 0:59:39]} f6 {[%clk 1:01:35]} 19. exf6 {[%clk 0:47:48]} Rxf6 {[%clk
0:59:49]} 20. f4 {[%clk 0:44:45]} Nd6 {[%clk 0:50:31]} 21. fxg5 {[%clk
0:34:57]} Rxf1+ {[%clk 0:47:44]} 22. Bxf1 {[%clk 0:35:18]} Ne4 {[%clk 0:47:57]}
23. Qd1 {[%clk 0:34:40]} hxg5 {[%clk 0:47:43]} 24. Be2 {[%clk 0:29:04]} Qf6
{[%clk 0:42:22]} 25. Bf3 {[%clk 0:24:17]} Rf8 {[%clk 0:37:25]} 26. Ne2 {[%clk
0:23:00]} Bf5 {[%clk 0:33:56]} 27. Bxe4 {[%clk 0:20:30]} Bxe4 {[%clk 0:34:03]}
28. Ng3 {[%clk 0:20:48]} Bd3 {[%clk 0:32:11]} 29. Qg4 {[%clk 0:17:00]} Bh6
{[%clk 0:26:05]} 30. h4 {[%clk 0:15:56]} Qg6 {[%clk 0:17:16]} 31. hxg5 {[%clk
0:14:13]} Bg7 {[%clk 0:17:18]} 32. Re1 {[%clk 0:13:17]} Qf7 {[%clk 0:13:18]}
33. Nh5 {[%clk 0:08:30]} Bf5 {[%clk 0:11:05]} 34. Qh4 {[%clk 0:08:29]} Bd3
{[%clk 0:10:23]} 35. Nf6+ {[%clk 0:04:20]} Bxf6 {[%clk 0:10:14]} 36. gxf6
{[%clk 0:04:48]} Qxf6 {[%clk 0:10:21]} 37. Bg5 {[%clk 0:04:53]} Qg6 {[%clk
0:09:08]} 38. Re3 {[%clk 0:04:05]} Rf1+ {[%clk 0:04:35]} 39. Kh2 {[%clk
0:04:31]} Rf5 {[%clk 0:04:15]} 40. Rg3 {[%clk 0:03:20]} Kf7 {[%clk 0:04:18]}
41. Bd8 {[%clk 0:24:01]} Rh5 {[%clk 0:33:33]} 42. Rxg6 {[%clk 0:22:42]} Rxh4+
{[%clk 0:33:57]} 43. Bxh4 {[%clk 0:23:08]} Bxg6 {[%clk 0:34:11]} 44. Bd8 {[%clk
0:23:28]} Bc2 {[%clk 0:34:36]} 45. Kg3 {[%clk 0:23:10]} Bxa4 {[%clk 0:34:20]}
46. Bxb6 {[%clk 0:23:34]} Bc2 1/2-1/2

[Event "DEM U14 2020"]
[Site "Willingen GER"]
[Date "2020.10.21"]
[Round "3"]
[White "Albert, Markus"]
[Black "Farokhi, Keyvan"]
[Result "1-0"]
[Termination "normal"]
[Board "3"]
[WhiteElo "1727"]
[BlackElo "2001"]
[WhiteClock "00:52:51"]
[BlackClock "00:49:06"]
[PlyCount "43"]
[WhiteFideId "16292626"]
[BlackFideId "12998630"]
[EventCountry "GER"]
[EventRounds "7"]
[EventType "swiss"]
[EventDate "2020.10.19"]

1. e4 {[%clk 1:30:51]} c6 {[%clk 1:30:49]} 2. d4 {[%clk 1:30:47]} d5 {[%clk
1:31:09]} 3. Nc3 {[%clk 1:30:59]} dxe4 {[%clk 1:31:29]} 4. Nxe4 {[%clk
1:31:23]} Bf5 {[%clk 1:31:51]} 5. Ng3 {[%clk 1:31:34]} Bg6 {[%clk 1:32:09]} 6.
h4 {[%clk 1:31:55]} h6 {[%clk 1:32:32]} 7. Nh3 {[%clk 1:32:09]} e6 {[%clk
1:32:18]} 8. Nf4 {[%clk 1:32:13]} Bh7 {[%clk 1:32:38]} 9. Bc4 {[%clk 1:32:23]}
Nf6 {[%clk 1:31:31]} 10. O-O {[%clk 1:29:48]} Bd6 {[%clk 1:30:22]} 11. Re1
{[%clk 1:29:25]} O-O {[%clk 1:30:17]} 12. c3 {[%clk 1:25:59]} Qc7 {[%clk
1:27:43]} 13. Ngh5 {[%clk 1:24:43]} Nbd7 {[%clk 1:21:56]} 14. Qf3 {[%clk
1:18:33]} e5 {[%clk 1:11:57]} 15. Nxf6+ {[%clk 1:14:08]} Nxf6 {[%clk 1:11:17]}
16. Nh5 {[%clk 1:13:31]} Nxh5 {[%clk 1:10:07]} 17. dxe5 {[%clk 1:11:17]} Bxe5
{[%clk 1:09:11]} 18. Qxh5 {[%clk 1:11:34]} Rae8 {[%clk 1:07:41]} 19. Be3 {[%clk
1:09:53]} Qa5 {[%clk 1:04:33]} 20. Bf4 {[%clk 0:56:29]} g5 {[%clk 0:50:53]} 21.
hxg5 {[%clk 0:53:40]} Qc7 {[%clk 0:49:06]} 22. g6 {[%clk 0:52:51]} 1-0

[Event "DEM U14 2020"]
[Site "Willingen GER"]
[Date "2020.10.21"]
[Round "3"]
[White "Halabi, Ibrahim"]
[Black "Kort, Felix"]
[Result "1-0"]
[Termination "normal"]
[Board "4"]
[WhiteElo "1895"]
[BlackElo "1823"]
[WhiteClock "00:35:07"]
[BlackClock "00:10:04"]
[PlyCount "131"]
[WhiteFideId "16241754"]
[BlackFideId "16220129"]
[EventCountry "GER"]
[EventRounds "7"]
[EventType "swiss"]
[EventDate "2020.10.19"]

1. e4 {[%clk 1:30:57]} e5 {[%clk 1:30:55]} 2. Nf3 {[%clk 1:31:23]} Nc6 {[%clk
1:31:20]} 3. Bc4 {[%clk 1:31:48]} Bc5 {[%clk 1:31:44]} 4. d3 {[%clk 1:31:37]}
Nf6 {[%clk 1:32:05]} 5. Nbd2 {[%clk 1:32:00]} O-O {[%clk 1:32:01]} 6. O-O
{[%clk 1:31:51]} d6 7. c3 {[%clk 1:31:51]} a5 {[%clk 1:31:03]} 8. h3 {[%clk
1:31:37]} Be6 {[%clk 1:30:38]} 9. a4 {[%clk 1:25:31]} Ne7 {[%clk 1:25:13]} 10.
d4 {[%clk 1:18:05]} exd4 {[%clk 1:20:43]} 11. cxd4 {[%clk 1:17:28]} Bb4 {[%clk
1:20:02]} 12. Qc2 {[%clk 1:07:39]} Ng6 {[%clk 1:13:43]} 13. d5 {[%clk 1:00:44]}
Bd7 {[%clk 1:12:03]} 14. Nb3 {[%clk 0:59:11]} Qe8 {[%clk 1:01:01]} 15. Nbd2
{[%clk 0:52:57]} Ne5 {[%clk 0:56:25]} 16. Nxe5 {[%clk 0:52:08]} Qxe5 {[%clk
0:54:37]} 17. Bd3 {[%clk 0:43:49]} Bc5 {[%clk 0:50:58]} 18. Nc4 {[%clk
0:38:02]} Qh5 {[%clk 0:37:08]} 19. Be3 {[%clk 0:35:42]} Bxe3 {[%clk 0:34:53]}
20. Nxe3 {[%clk 0:35:28]} c6 {[%clk 0:28:49]} 21. Qb3 {[%clk 0:32:38]} Rab8
{[%clk 0:20:38]} 22. Qb6 Rfc8 {[%clk 0:17:32]} 23. Qxa5 {[%clk 0:22:04]} b6
{[%clk 0:17:22]} 24. Qb4 {[%clk 0:20:30]} cxd5 {[%clk 0:15:46]} 25. exd5 {[%clk
0:18:49]} Rc5 {[%clk 0:13:27]} 26. Rfc1 {[%clk 0:14:52]} Nxd5 {[%clk 0:11:31]}
27. Rxc5 {[%clk 0:13:39]} dxc5 {[%clk 0:11:21]} 28. Qe4 {[%clk 0:10:19]} Nxe3
{[%clk 0:10:19]} 29. Qxe3 {[%clk 0:10:19]} Re8 {[%clk 0:08:20]} 30. Qf4 {[%clk
0:08:05]} Qe5 {[%clk 0:05:49]} 31. Qxe5 {[%clk 0:07:40]} Rxe5 {[%clk 0:06:17]}
32. a5 {[%clk 0:08:00]} b5 {[%clk 0:05:13]} 33. a6 {[%clk 0:07:56]} Bc6 {[%clk
0:04:09]} 34. a7 {[%clk 0:07:18]} Ba8 {[%clk 0:03:29]} 35. Bxb5 {[%clk
0:07:18]} Kf8 {[%clk 0:01:13]} 36. Rd1 {[%clk 0:07:01]} Rd5 {[%clk 0:01:05]}
37. Re1 {[%clk 0:06:35]} Rd8 {[%clk 0:01:11]} 38. Rc1 {[%clk 0:04:31]} Rc8
{[%clk 0:01:17]} 39. b4 {[%clk 0:04:13]} Rc7 {[%clk 0:00:43]} 40. Re1 {[%clk
0:02:46]} Re7 {[%clk 0:00:53]} 41. Rxe7 {[%clk 0:01:34]} Kxe7 {[%clk 0:01:02]}
42. bxc5 {[%clk 0:01:54]} Kd8 {[%clk 0:01:13]} 43. f3 {[%clk 0:01:22]} Kc7
{[%clk 0:01:18]} 44. Bd3 {[%clk 0:01:33]} Bd5 {[%clk 0:16:25]} 45. Kf2 {[%clk
0:30:02]} Kb7 {[%clk 0:13:40]} 46. Be4 {[%clk 0:30:19]} Bxe4 {[%clk 0:13:16]}
47. fxe4 {[%clk 0:30:44]} Kxa7 {[%clk 0:12:45]} 48. Ke3 {[%clk 0:31:10]} Kb7
{[%clk 0:12:37]} 49. Kd4 {[%clk 0:31:30]} Kc6 {[%clk 0:12:09]} 50. Kc4 {[%clk
0:31:13]} g6 {[%clk 0:09:54]} 51. g3 {[%clk 0:31:16]} f5 {[%clk 0:09:31]} 52.
exf5 {[%clk 0:31:23]} gxf5 {[%clk 0:09:47]} 53. Kd4 {[%clk 0:31:42]} h5 {[%clk
0:09:23]} 54. h4 {[%clk 0:32:00]} Kd7 {[%clk 0:09:40]} 55. Ke5 {[%clk 0:32:22]}
Kc6 {[%clk 0:10:00]} 56. Kxf5 {[%clk 0:32:46]} Kxc5 {[%clk 0:10:24]} 57. Kg5
{[%clk 0:33:12]} Kd6 58. Kxh5 {[%clk 0:33:33]} Ke7 {[%clk 0:10:41]} 59. g4
{[%clk 0:33:52]} Kf8 {[%clk 0:11:01]} 60. g5 {[%clk 0:34:14]} Kg8 {[%clk
0:11:16]} 61. g6 {[%clk 0:34:16]} Kg7 {[%clk 0:10:45]} 62. Kg5 {[%clk 0:33:58]}
Kg8 {[%clk 0:10:55]} 63. h5 {[%clk 0:34:23]} Kg7 {[%clk 0:10:12]} 64. h6+
{[%clk 0:34:47]} Kf8 {[%clk 0:09:44]} 65. Kf6 {[%clk 0:35:07]} Kg8 {[%clk
0:10:04]} 66. h7+ 1-0